Statistics for NBA: Highest Scoring Teams' Top 5 Scorers: 1970s

Click here to take the quiz!

General Stats

  • This quiz has been taken 57 times
  • The average score is 21 of 50

Answer Stats

TeamPlayerPPG% Correct
'70-'71 Milwaukee BucksKareem Abdul-Jabbar31.7
98%
'79-'80 San Antonio SpursGeorge Gervin33.1
92%
'78-'79 San Antonio SpursGeorge Gervin29.6
92%
'76-'77 San Antonio SpursGeorge Gervin23.1
92%
'75-'76 Golden State WarriorsRick Barry21.0
92%
'74-'75 Golden State WarriorsRick Barry30.6
92%
'71-'72 Los Angeles LakersWilt Chamberlain14.8
92%
'71-'72 Los Angeles LakersJerry West25.8
90%
'70-'71 Milwaukee BucksOscar Robertson19.4
86%
'77-'78 Philadelphia 76ersJulius Erving20.6
84%
'73-'74 Buffalo BravesBob McAdoo30.6
82%
'71-'72 Los Angeles LakersGail Goodrich25.9
73%
'70-'71 Milwaukee BucksGreg Smith11.7
63%
'75-'76 Golden State WarriorsPhil Smith20.0
63%
'73-'74 Buffalo BravesRandy Smith15.5
63%
'72-'73 Houston RocketsRudy Tomjanovich19.3
59%
'72-'73 Houston RocketsCalvin Murphy13.0
57%
'75-'76 Golden State WarriorsCharles Johnson9.2
49%
'74-'75 Golden State WarriorsCharles Johnson10.9
49%
'75-'76 Golden State WarriorsGus Williams11.7
45%
'70-'71 Milwaukee BucksBob Dandridge18.4
43%
'77-'78 Philadelphia 76ersDarryl Dawkins11.7
41%
'77-'78 Philadelphia 76ersGeorge McGinnis20.3
37%
'77-'78 Philadelphia 76ersDoug Collins19.7
35%
'75-'76 Golden State WarriorsJamaal Wilkes17.8
35%
'74-'75 Golden State WarriorsJamaal Wilkes14.2
35%
'71-'72 Los Angeles LakersHappy Hairston13.1
33%
'76-'77 San Antonio SpursLarry Kenon21.9
29%
'78-'79 San Antonio SpursLarry Kenon22.1
29%
'79-'80 San Antonio SpursLarry Kenon20.1
29%
'72-'73 Houston RocketsJimmy Walker18.0
27%
'77-'78 Philadelphia 76ersWorld B. Free15.7
27%
'79-'80 San Antonio SpursJames Silas17.7
18%
'78-'79 San Antonio SpursJames Silas16.0
18%
'76-'77 San Antonio SpursBilly Paultz15.6
16%
'78-'79 San Antonio SpursBilly Paultz11.5
16%
'73-'74 Buffalo BravesErnie DiGregorio15.2
16%
'74-'75 Golden State WarriorsClifford Ray9.4
14%
'71-'72 Los Angeles LakersJim McMillian18.8
14%
'73-'74 Buffalo BravesJim McMillian18.6
14%
'70-'71 Milwaukee BucksJon McGlocklin15.8
12%
'73-'74 Buffalo BravesGar Heard15.3
8%
'74-'75 Golden State WarriorsButch Beard12.8
6%
'72-'73 Houston RocketsJack Marin18.5
2%
'78-'79 San Antonio SpursMark Olberding9.4
2%
'76-'77 San Antonio SpursMark Olberding10.4
2%
'72-'73 Houston RocketsMike Newlin17.0
2%
'76-'77 San Antonio SpursAllan Bristow11.4
0%
'79-'80 San Antonio SpursJohn Shumate14.5
0%
'79-'80 San Antonio SpursKevin Restani10.7
0%

Score Distribution

Percentile by Number Answered

Percent of People with Each Score

Your Score History

You have not taken this quiz